00627nam a2200205Ia 4500003000900000008004100009040001300050040001300063041000800076100002100084245005000105260001100155260000900166300001100175300001000186490000600196942000700202999001700209952019500226IT-RoPAU120407s9999 xx 000 0 und d aIT-RoPAU cIT-RoPAU aita aGiuseppe Ferraro aL’ ”ora” di Cristo nel quarto Vangelo.  aHerder c1974 a338 p. c24 cm v1 cBK c32951d32951 00102ddc406226_59000000000000071aPAULUSbPAULUSd2012-04-11l0o226.59r2012-04-11 00:00:00w2012-04-11yBKzInserito da: Jole In data: 22 luglio 2011 fondo: Via A.Severo 56 Progr:16299